| 000 | 00509nam a2200169Ia 4500 | ||
|---|---|---|---|
| 008 | 130821s1972 enk gr eng | ||
| 040 |
_aCo-BoUCM _bspa |
||
| 041 | _aeng | ||
| 100 |
_aCollins, V.H. _9110608 |
||
| 245 | 2 |
_aA book of english idioms _cV.H. Collins |
|
| 260 |
_aLondres (Inglaterra) _bLongman _c1972 |
||
| 300 | _a3 volúmenes | ||
| 650 | 0 | 4 |
_aInglés _xEnseñanza _985473 |
| 650 | 0 | 4 |
_aLingüística aplicada _9439 |
| 942 |
_cLIBRO _a12 _e1 _mC65b _2DEWEY _h420 |
||
| 999 |
_c8541 _d8541 |
||